Word Ladder: Warm Fish Sandwich Quiz Stats

Quiz Updated Feb 5, 2015

Challenge
Share
Tweet
Embed
Score 0/16 Timer 01:30
0 Plays Today
Clue 4-Letter Word % Correct
Get up in the morning, like the sunRISE
94.9%
A ___ of passageRITE
93.3%
The chicken of the sea?TUNA
91.8%
A songTUNE
91.2%
Adorable, like kittens on the internetCUTE
90.1%
Where you find a lot of shopsMALL
88.9%
To reference a sourceCITE
88.5%
Pick up the phoneCALL
86.6%
Clue 4-Letter Word % Correct
One of the essential ingredients in beerMALT
84.9%
Cause cheese to become liquidyMELT
82.1%
Disease eradicatorCURE
81.5%
A trick or bit of subterfugeRUSE
77.6%
An ancient characterRUNE
76.6%
Short or terseCURT
70.4%
Pick out or select from a groupCULL
64.5%
Heaven's gate or the Branch Davidians, e.g.CULT
64%

Today's Daily Dose

You're not logged in!

Compare scores with friends on all Sporcle quizzes.
Join for Free
OR
Log In

You Might Also Like...

Show Comments

Extras

Top Quizzes Today


Score Distribution

Your Account Isn't Verified!

In order to create a playlist on Sporcle, you need to verify the email address you used during registration. Go to your Sporcle Settings to finish the process.

Report this User

Report this user for behavior that violates our Community Guidelines.

Details: